|
|
|
|
| LEADER |
00000cam a2200000 7i4500 |
| 001 |
0000003998 |
| 005 |
20130819.0 |
| 020 |
0 |
0 |
|a 9789675227332
|
| 090 |
0 |
0 |
|a 333.7509595
|b DEF 2010
|
| 245 |
0 |
4 |
|a Reducing emissions from deforestation and forest degradation: :
|b perspectives from Malaysia
|c editors : Shaharuddin Mohamad Ismail, Joy Jacqueline, Tan Ching Tiong
|
| 260 |
0 |
0 |
|a Bangi, Selangor :
|b Universiti Kebangsaan Malaysia ,
|c 2010
|
| 300 |
|
|
|a 53p. :
|b ill ;
|c 23 cm.
|
| 650 |
0 |
0 |
|a Deforestation---Environmental aspects---Malaysia
|
| 650 |
0 |
0 |
|a Forest and forestry---Environmental aspects---Malaysia
|
| 700 |
0 |
1 |
|a Pereira, Joy Jacqueline
|
| 700 |
0 |
1 |
|a Shaharuddin Mohamad Ismail
|
| 700 |
0 |
1 |
|a Tan, Ching Tiong
|
| 998 |
|
|
|a JPSM
|
| 999 |
|
|
|a 007803
|b Monograph
|c Open Shelf
|e Default branch
|
| 999 |
|
|
|a 007804
|b Monograph
|c Open Shelf
|e Default branch
|